Skriptum zum Obligationenrecht. Besonderer Teil.
Gespeichert in:
| 1. Verfasser: | |
|---|---|
| Format: | Buch |
| Veröffentlicht: |
Zürich, Schweiz:
Schulthess Polygraphischer,
1983
|
| Ausgabe: | 2., erwiterte Auflage. |
| Schlagworte: | |
| Tags: |
Tag hinzufügen
Keine Tags, Fügen Sie den ersten Tag hinzu!
|
MARC
| LEADER | 00000nam a22000007a 4500 | ||
|---|---|---|---|
| 003 | CL-VaPUC | ||
| 005 | 20220822114809.0 | ||
| 008 | 220803t1983 ||||| |||| 00| 0 eng d | ||
| 999 | |c 437930 |d 437928 | ||
| 020 | |a 3-7255-1959-5 | ||
| 040 | |c Pontificia Universidad Católica de Valparaíso | ||
| 082 | |a 346.49402 BUC 1983 |2 22 | ||
| 100 | |a Bucher, Eugen |9 585891 |e autor | ||
| 245 | |a Skriptum zum Obligationenrecht. |b Besonderer Teil. | ||
| 250 | |a 2., erwiterte Auflage. | ||
| 260 | |a Zürich, Schweiz: |b Schulthess Polygraphischer, |c 1983 | ||
| 300 | |a 270 páginas. | ||
| 500 | |a c.1 Donación Familia Prof. Alejandro Guzmán Brito. | ||
| 505 | |a Capítulos: - A. Einleitung. - B. Entstehung der obligation aus vertrag. - C. Erfulling und erfullungsstorungen. - D. Beendigung von Schuldverhaltnisee, BZW. von forderungen und schulden. - E. Besonderheiten nach vertragsinhalten. - F. Beteiligung dritter an schulverhaltnissen order deren entshung. - G. Kondiktion. | ||
| 583 | |c 20220401 |k Cristina María Rojas Aguilar | ||
| 651 | |a Suiza |x Obligaciones |x Derecho |9 870063 | ||
| 942 | |2 ddc |c BK |n 0 | ||
| 952 | |0 0 |1 0 |2 ddc |4 0 |6 346_494020000000000_BUC_1983 |7 0 |8 C_AGB |9 585786 |a BIBDER |b BIBDER |d 2022-08-03 |e Donación |i 5653734 |o 346.49402 BUC 1983 |p 5653734 |r 2023-01-25 |t 1 |w 2022-08-03 |y BK_US |k AGB | ||